[Event "AUTO-MASTER-3250"]
[Site "http://www.queenalice.com/game.php?id=1851218"]
[Date "2025.1.31"]
[Round "1"]
[White "Tonto"]
[Black "lat47"]
[Result "1-0"]
[WhiteElo "2027"]
[BlackElo "1919"]

1. e4 e5 2. Nf3 d6 3. Be2 h6 4. Nc3 c6 5. d4 f6 6. Be3 Be7 7. Nh4 h5 8. Bxh5+
Rxh5 9. Qxh5+ Kd7 10. dxe5 fxe5 11. Nf5 Qf8 12. O-O-O Kc7 13. Nxe7 Qxe7 14. h3
Be6 15. f4 Nd7 16. Rd3 b5 17. Rhd1 Nb8 18. Rxd6 Nf6 19. Qh8 Kb7 20. Rd8 Bd7 21.
fxe5 Ne8 22. e6 Qxd8 23. Bf4 Bxe6 24. Rxd8 Nc7 25. Qxg7 b4 26. Qxc7+ Ka6 27.
Rxb8 Rxb8 28. Qxb8 1-0

[Event "AUTO-MASTER-3250"]
[Site "http://www.queenalice.com/game.php?id=1851219"]
[Date "2025.1.31"]
[Round "1"]
[White "lat47"]
[Black "Tonto"]
[Result "0-1"]
[WhiteElo "1916"]
[BlackElo "2021"]

1. d4 b6 2. Bf4 d6 3. e3 Bb7 4. d5 Nf6 5. c4 c6 6. dxc6 Nxc6 7. f3 h6 8. e4 e5
9. Be3 Be7 10. Ne2 Ba6 11. Ng3 O-O 12. Nf5 Kh7 13. Qd2 d5 14. cxd5 Bb4 15. Nc3
Bxf1 16. Rxf1 Na5 17. Qc2 Rc8 18. Kf2 Nc4 19. Bc1 a6 20. a3 Bc5+ 21. Ke2 Nh5 22.
b3 Nd6 23. Nxd6 Qxd6 24. b4 Bd4 25. Bd2 Rc4 26. g3 Rfc8 27. Qb3 b5 28. a4 Rxc3
29. Bxc3 Rxc3 30. Qa2 Re3+ 31. Kf2 Ra3+ 32. Ke1 Rxa2 33. Rxa2 Qxb4+ 34. Kd1 Qb1+
0-1

[Event "AUTO-OPEN-4573"]
[Site "http://www.queenalice.com/game.php?id=1851422"]
[Date "2025.2.1"]
[Round "1"]
[White "bmax"]
[Black "Tonto"]
[Result "0-1"]
[WhiteElo "2313"]
[BlackElo "2009"]

1. Nf3 c5 2. g3 d5 3. Bg2 Nc6 4. O-O e5 5. d3 Nf6 6. Nbd2 Bd6 7. e4 d4 8. Nc4
Bc7 9. a4 Bg4 10. c3 O-O 11. cxd4 Nxd4 12. b3 h6 13. Qd2 Bxf3 14. Rb1 a6 15. Qe3
Ne2+ 16. Kh1 Bxg2+ 17. Kxg2 Nd4 18. Ba3 Ng4 19. Qd2 Qf6 20. f3 Nxh2 21. Kxh2
Nxf3+ 22. Rxf3 Qxf3 23. Bxc5 Rfd8 24. Rd1 Rd7 25. Ne3 Rad8 26. Qg2 Qh5+ 0-1

[Event "AUTO-OPEN-4573"]
[Site "http://www.queenalice.com/game.php?id=1851423"]
[Date "2025.2.1"]
[Round "1"]
[White "Tonto"]
[Black "bmax"]
[Result "0-1"]
[WhiteElo "2013"]
[BlackElo "2295"]

1. e4 c6 2. d4 d5 3. e5 Bf5 4. Nf3 e6 5. Be2 c5 6. c3 Nc6 7. Be3 cxd4 8. cxd4
Bb4+ 9. Nbd2 Nge7 10. a3 Ba5 11. b4 Bb6 12. Nb3 Rc8 13. Bb5 O-O 14. O-O Be4 15.
Rc1 a6 16. Bd3 Bxd3 17. Qxd3 Nf5 18. Bg5 Qd7 19. g4 Nfe7 20. h4 h6 21. Be3 f6
22. Bf4 fxe5 23. Nxe5 Nxe5 24. Bxe5 Rxc1 25. Nxc1 Bc7 26. Qg3 Bxe5 27. Qxe5 Nc6
28. Qe3 e5 29. dxe5 Qxg4+ 30. Kh2 Rf3 31. Qxf3 Qxf3 32. e6 Qf4+ 33. Kg2 Qxh4 34.
f3 d4 35. Nd3 Qg5+ 36. Kh1 Qh5+ 37. Kg1 Qg6+ 0-1

[Event "Challenge"]
[Site "http://www.queenalice.com/game.php?id=1853843"]
[Date "2025.3.14"]
[Round "-"]
[White "jogo"]
[Black "Tonto"]
[Result "0-1"]
[WhiteElo "1775"]
[BlackElo "2021"]

1. e4 e5 2. d4 exd4 3. Qxd4 Nc6 4. Qe3 d6 5. a3 Be7 6. Bc4 Ne5 7. Ba2 Nf6 8. h3
O-O 9. f4 Ng6 10. c4 c5 11. Nc3 Be6 12. f5 Nh4 13. Qf2 Nh5 14. fxe6 fxe6 15. Qc2
Ng3 16. Rh2 Rf1+ 17. Kd2 Rf2+ 18. Nge2 Nxg2 19. Kd1 Nf1 0-1

[Event "AUTO-OPEN-4582"]
[Site "http://www.queenalice.com/game.php?id=1853961"]
[Date "2025.3.15"]
[Round "1"]
[White "game"]
[Black "Tonto"]
[Result "0-1"]
[WhiteElo "1473"]
[BlackElo "2027"]

1. e4 e5 2. Nf3 d6 3. Bc4 Be7 4. d4 Bg4 5. Nc3 Nf6 6. Be2 Nc6 7. dxe5 dxe5 8.
Qxd8+ Bxd8 9. Ng5 Nd4 10. Bc4 O-O 11. Bd3 h6 12. h3 Bh5 13. Nf3 Bg6 14. Nxe5 Bh5
15. Bc4 Nxc2+ 16. Kf1 Nxa1 17. f3 Nc2 18. Kf2 c6 19. b4 Bb6+ 20. Kg3 Bd4 21. Kh4
Bxc3 22. g4 Bxg4 23. hxg4 Bxe5 24. g5 hxg5+ 25. Kxg5 Nd4 26. f4 Nxe4+ 27. Kg4
Nf2+ 0-1

[Event "AUTO-OPEN-4582"]
[Site "http://www.queenalice.com/game.php?id=1853962"]
[Date "2025.3.15"]
[Round "1"]
[White "Tonto"]
[Black "game"]
[Result "1-0"]
[WhiteElo "2008"]
[BlackElo "1475"]

1. e4 e5 2. Nf3 Nc6 3. Be2 d6 4. b3 Nf6 5. d3 Ng4 6. Nc3 d5 7. exd5 Nb4 8. h3
Nf6 9. Nxe5 Nbxd5 10. Bb2 b5 11. Nxb5 Nb4 12. a3 Nbd5 13. O-O Bb7 14. Bf3 a6 15.
Nd4 Qe7 16. Re1 Qc5 17. b4 Qd6 18. Ng6+ Kd7 19. Nxh8 Qf4 20. Nxf7 Ne8 21. Bg4+
Qxg4 22. Qxg4# 1-0

[Event "AUTO-MASTER-3257"]
[Site "http://www.queenalice.com/game.php?id=1854027"]
[Date "2025.3.16"]
[Round "1"]
[White "JailtonMaster"]
[Black "Tonto"]
[Result "1-0"]
[WhiteElo "2131"]
[BlackElo "2018"]

1. e4 e5 2. Nf3 d6 3. d4 exd4 4. Nxd4 c5 5. Nb3 Be7 6. Bc4 Nf6 7. Nc3 O-O 8. O-O
Nc6 9. Bg5 a6 10. a4 Bg4 11. f3 Bh5 12. Qd2 Ne5 13. Be2 h6 14. Bh4 Nh7 15. Bxe7
Qxe7 16. Nd5 Qd8 17. Na5 b6 18. Nc4 Nxc4 19. Bxc4 Re8 20. Rae1 Ng5 21. Qf2 Re5
22. Nf4 Bxf3 23. gxf3 Qf6 24. Nd5 Rxd5 25. Bxd5 Nh3+ 26. Kg2 Nxf2 27. Bxa8 Qxb2
28. Rxf2 Qb4 29. Bc6 Qxe1 30. f4 Qc3 31. Re2 h5 32. e5 dxe5 33. fxe5 Qc4 34. Kf2
Qh4+ 35. Kg2 Qg4+ 36. Kf2 Qe6 37. Be4 b5 38. axb5 axb5 39. Rd2 Qxe5 40. Rd8+ 1-0

[Event "AUTO-OPEN-4585"]
[Site "http://www.queenalice.com/game.php?id=1854925"]
[Date "2025.4.2"]
[Round "1"]
[White "game"]
[Black "Tonto"]
[Result "0-1"]
[WhiteElo "1554"]
[BlackElo "1982"]

1. e4 e5 2. Nf3 d6 3. Bc4 Be7 4. b3 Bg4 5. Bb2 Nc6 6. Qe2 Nb4 7. Na3 Nf6 8. O-O
Nh5 9. Bc3 d5 10. Bb5+ c6 11. Bd3 Nf4 12. Qe1 Nbxd3 13. cxd3 Bxf3 14. gxf3 d4
15. Bb2 Bxa3 16. Bxa3 Qg5+ 17. Kh1 Qg2# 0-1

[Event "AUTO-OPEN-4585"]
[Site "http://www.queenalice.com/game.php?id=1854926"]
[Date "2025.4.2"]
[Round "1"]
[White "Tonto"]
[Black "game"]
[Result "1-0"]
[WhiteElo "1984"]
[BlackElo "1548"]

1. e4 d6 2. d4 Nf6 3. Bd3 e5 4. d5 b6 5. Nf3 Ng4 6. Bg5 Be7 7. Bxe7 Qxe7 8. Nc3
c6 9. dxc6 Nxc6 10. Bb5 d5 11. Bxc6+ Kf8 12. Nxd5 Qc5 13. Nd4 exd4 14. Bxa8 d3
15. O-O dxc2 16. Qd2 Qd6 17. g3 Ba6 18. Rfc1 Qh6 19. Qb4+ Ke8 20. Qe7# 1-0

[Event "AUTO-OPEN-4586"]
[Site "http://www.queenalice.com/game.php?id=1855129"]
[Date "2025.4.6"]
[Round "1"]
[White "josebaron"]
[Black "Tonto"]
[Result "0-1"]
[WhiteElo "2214"]
[BlackElo "2063"]

1. e4 e5 2. Nf3 d6 3. Nc3 Nf6 4. Bc4 Be7 5. O-O c6 6. Re1 a5 7. a4 O-O 8. d4 Bg4
9. dxe5 dxe5 10. Qxd8 Rxd8 11. Nxe5 Be6 12. Bxe6 fxe6 13. Bg5 Na6 14. Rad1 Nb4
15. Rxd8+ Rxd8 16. Re2 h6 17. Bh4 g5 18. Bg3 Na2 19. f4 Nxc3 20. bxc3 Nh5 21.
fxg5 Nxg3 22. hxg3 Bxg5 23. Nc4 b5 24. axb5 cxb5 25. Nxa5 Rc8 26. Nb3 Rxc3 27.
Nd4 Be3+ 0-1